Polskie marki sklepów - Statystyki

Ogólne statystyki
  • Ten quiz został rozwiązany 73 razy
  • Średni wynik to 4 z 16
Statystyki odpowiedzi
Rodzaj Sklep % Poprawnych
Stacja Paliw Orlen
84%
Spożywka Dino
61%
Obuwie CCC
55%
Księgarnia Empik
52%
Elektronika Media Expert
45%
Odzież Cropp
34%
Elektronika RTV Euro AGD
27%
Stacja Paliw Moya
23%
Drogeria Pepco
18%
Spożywka Polomarket
13%
Fast Food North Fish
9%
Odzież Big Star
7%
Odzież HalfPrice
7%
Odzieżowy Modivo
7%
Odzież Diverse
4%
Odzież Carry
2%
Nie znaleziono quizów pasujących do podanych kryteriów
Rozkład punktacji
Procent ludzi z każdym wynikiem
Percentyl według liczby udzielonych odpowiedzi
Twoja historia wyników
Nie rozwiązałeś tego quizu